[Event "Olympiad Women-31"]
[Site "Moscow"]
[Date "1994.12.15"]
[Round "13"]
[White "Lindri, Juni Wijayanti"]
[Black "Villegas, Sandra"]
[Result "1-0"]
[WhiteElo "2170"]
[BlackElo "2065"]
[PlyCount "137"]
[EventDate "1994.12.01"]
[EventType "team-swiss"]
[EventRounds "14"]
[EventCountry "RUS"]
[SourceTitle "EXT 2019"]
[Source "ChessBase"]
[SourceDate "2018.10.10"]
[SourceVersion "1"]
[SourceVersionDate "2018.10.10"]
[SourceQuality "1"]
[WhiteTeam "Indonesia (W)"]
[BlackTeam "Argentina (W)"]
[WhiteTeamCountry "INA"]
[BlackTeamCountry "ARG"]

1. e4 b6 2. d4 Bb7 3. f3 e6 4. Be3 d5 5. e5 c5 6. c3 Nc6 7. a3 Nge7 8. Bd3 Nf5 9. Bxf5 exf5 10. Ne2 Qd7 11. 0-0 Be7 12. Re1 0-0 13. Qd3 a5 14. Nd2 Ba6 15. Qb1 Rfc8 16. Nf1 a4 17. Nfg3 g6 18. Bf2 Na5 19. Qd1 Nb3 20. Rb1 Bg5 21. f4 Bh6 22. Nc1 Na5 23. Qf3 Bc4 24. Be3 Qb5 25. h4 Rc6 26. h5 Nb3 27. Nxb3 Bxb3 28. Qf2 Rac8 29. hxg6 hxg6 30. Nf1 Bc4 31. Nh2 Bd3 32. Rbd1 Be4 33. Rd2 R6c7 34. Qh4 Bg7 35. g4 Qd7 36. Kf2 Qe7 37. Qg3 Rc6 38. Rf1 Kf8 39. gxf5 Bxf5 40. Nf3 c4 41. Nh4 Qe6 42. Qg5 Bh8 43. Ke1 Ke8 44. Rh2 Kd7 45. Nxf5 Qxf5 46. Qxf5+ gxf5 47. Rh7 Rf8 48. Rfh1 Rcc8 49. R1h6 Ke7 50. Bf2 Rce8 51. Rd6 Rg8 52. Rxd5 Bg7 53. Bh4+ Kf8 54. Rd7 Rh8 55. Rxh8+ Bxh8 56. Rb7 f6 57. Rxb6 fxe5 58. dxe5 Kf7 59. Rb4 Rc8 60. Rxa4 Rc6 61. Ke2 Bg7 62. Ra7+ Kg6 63. Rb7 Bf8 64. Bf2 Kh5 65. Kf3 Kg6 66. Rb6 Rxb6 67. Bxb6 Kf7 68. a4 Ke6 69. a5 1-0

[Event "Olympiad Women-31"]
[Site "Moscow"]
[Date "1994.12.03"]
[Round "3"]
[White "Alexieva, Silvia"]
[Black "Lindri, Juni Wijayanti"]
[Result "1-0"]
[WhiteElo "2265"]
[BlackElo "2170"]
[PlyCount "93"]
[EventDate "1994.12.01"]
[EventType "team-swiss"]
[EventRounds "14"]
[EventCountry "RUS"]
[SourceTitle "EXT 2019"]
[Source "ChessBase"]
[SourceDate "2018.10.10"]
[SourceVersion "1"]
[SourceVersionDate "2018.10.10"]
[SourceQuality "1"]
[WhiteTeam "Bulgaria (W)"]
[BlackTeam "Indonesia (W)"]
[WhiteTeamCountry "BUL"]
[BlackTeamCountry "INA"]

1. d4 Nf6 2. c4 g6 3. f3 d6 4. e4 Bg7 5. Be3 0-0 6. Ne2 e5 7. d5 Nh5 8. Nd2 f5 9. Qc2 a5 10. c5 fxe4 11. Nxe4 Bf5 12. N2c3 Na6 13. cxd6 cxd6 14. Qb3 Qh4+ 15. g3 Qe7 16. Bg2 Kh8 17. 0-0 h6 18. Rac1 Nf6 19. a3 Nd7 20. Rf2 b6 21. Bf1 Nac5 22. Qb5 Rfc8 23. b4 axb4 24. axb4 Nb3 25. Re1 Rab8 26. Qd3 Nd4 27. Qd2 Nb3 28. Qd1 Nd4 29. Bxd4 exd4 30. Nb5 Bxe4 31. Rxe4 Qf8 32. Nxd4 Rc3 33. Ne6 Qf6 34. Nxg7 Qxg7 35. Re6 Rbc8 36. Rxd6 Ne5 37. f4 Nc4 38. Bxc4 R3xc4 39. Qd3 Kh7 40. f5 Qe5 41. fxg6+ Kg8 42. Re6 Qh5 43. g7 b5 44. Kg2 Rd8 45. d6 Qg4 46. Re7 Rd4 47. Rf8+ 1-0

[Event "Jakarta Interzonal (Women)"]
[Site "Jakarta"]
[Date "1993.??.??"]
[Round "?"]
[White "Csoke, Adrienn"]
[Black "Lindri, Juni Wijayanti"]
[Result "1/2-1/2"]
[WhiteElo "2235"]
[BlackElo "2185"]
[PlyCount "89"]
[EventDate "1993.07.??"]
[EventType "swiss"]
[EventRounds "13"]
[EventCountry "INA"]
[SourceTitle "EXT 1997"]
[Source "ChessBase"]
[SourceDate "1996.11.15"]
[SourceVersion "1"]
[SourceVersionDate "1996.11.15"]
[SourceQuality "1"]

1. e4 e5 2. Nc3 Nc6 3. Bc4 Nf6 4. d3 Na5 5. Qf3 Nxc4 6. dxc4 h6 7. Nge2 d6 8. h3 Be6 9. b3 g6 10. Be3 Nd7 11. g4 c6 12. a4 Qh4 13. Ng3 Qd8 14. Rd1 Be7 15. Qe2 Qa5 16. Bd2 Qc7 17. Be3 Qa5 18. Qd2 h5 19. gxh5 gxh5 20. Nd5 Qxd2+ 21. Kxd2 Bd8 22. Nb4 h4 23. Ne2 f5 24. exf5 Bxf5 25. Kc1 Be7 26. Na2 0-0-0 27. Nac3 Kb8 28. Rdg1 Rhg8 29. Rxg8 Rxg8 30. Rg1 Rxg1+ 31. Nxg1 Nf8 32. Nb1 Ne6 33. Nd2 d5 34. cxd5 cxd5 35. Ndf3 d4 36. Bh6 e4 37. Ne1 Bg5+ 38. Bxg5 Nxg5 39. Ng2 Bxh3 40. Nxh4 Bg4 41. Kd2 Kc7 42. Ne2 Bxe2 43. Kxe2 Kc6 44. f3 Kd5 45. fxe4+ 1/2-1/2

[Event "Jakarta Interzonal (Women)"]
[Site "Jakarta"]
[Date "1993.??.??"]
[Round "?"]
[White "Lindri, Juni Wijayanti"]
[Black "Juergens, Vera"]
[Result "0-1"]
[WhiteElo "2185"]
[BlackElo "2350"]
[PlyCount "114"]
[EventDate "1993.07.??"]
[EventType "swiss"]
[EventRounds "13"]
[EventCountry "INA"]
[SourceTitle "EXT 1997"]
[Source "ChessBase"]
[SourceDate "1996.11.15"]
[SourceVersion "1"]
[SourceVersionDate "1996.11.15"]
[SourceQuality "1"]

1. e4 e5 2. Nf3 Nc6 3. Bb5 g6 4. d4 exd4 5. Nxd4 Bg7 6. c3 Nf6 7. 0-0 0-0 8. f3 Nxd4 9. cxd4 c6 10. Ba4 d5 11. e5 Ne8 12. Nc3 Qb6 13. Re1 Nc7 14. Bb3 Ne6 15. Be3 Qd8 16. Ne2 f6 17. f4 Bd7 18. Ng3 fxe5 19. fxe5 Qh4 20. Qd2 Rf7 21. Rf1 Raf8 22. Rxf7 Rxf7 23. Rf1 Rxf1+ 24. Nxf1 Bf8 25. Bf2 Qe7 26. Ng3 Be8 27. Be3 Qf7 28. Qe2 Be7 29. Qg4 Bd7 30. Bc2 Kf8 31. Ne2 Ke8 32. Qf3 Qxf3 33. gxf3 Ng7 34. Ng3 b6 35. Bb3 Bc8 36. Ba4 Kd7 37. Bh6 Ne6 38. Be3 Ba6 39. f4 Bd3 40. Bd1 Ng7 41. Ba4 h5 42. Kf2 Bd8 43. Ke1 b5 44. Kd2 h4 45. Kxd3 hxg3 46. Bd1 gxh2 47. Bf3 Bh4 48. Ke2 Nf5 49. Bg2 h1Q 50. Bxh1 Ng3+ 51. Kf3 Nxh1 52. Kg4 Bf2 53. Bc1 Ke6 54. Kg5 Bxd4 55. Kxg6 Ng3 56. Kg5 Nf5 57. b3 Be3 0-1

[Event "Jakarta zt (Women)"]
[Site "Jakarta"]
[Date "1993.??.??"]
[Round "7"]
[White "Lindri, Juni Wijayanti"]
[Black "Mariano, Christine Rose"]
[Result "1-0"]
[WhiteElo "2155"]
[BlackElo "2005"]
[PlyCount "67"]
[EventDate "1993.??.??"]
[EventType "tourn"]
[EventRounds "12"]
[EventCountry "INA"]
[SourceTitle "EXT 2003"]
[Source "ChessBase"]
[SourceDate "2002.11.25"]
[SourceVersion "1"]
[SourceVersionDate "2002.11.25"]
[SourceQuality "1"]

1. e4 c5 2. Nf3 d6 3. d4 cxd4 4. Nxd4 Nf6 5. Nc3 a6 6. Bg5 e6 7. f4 Qb6 8. Qd2 Qxb2 9. Rb1 Qa3 10. Bxf6 gxf6 11. Be2 Nc6 12. Nxc6 bxc6 13. 0-0 h5 14. Rb3 Qa5 15. Kh1 Be7 16. Rfb1 Kf8 17. Qe3 d5 18. Qb6 Qc5 19. Na4 Qd6 20. e5 fxe5 21. Qf2 Bd8 22. fxe5 Qe7 23. Rf1 Ke8 24. Rf3 Ra7 25. c4 Rh7 26. Rg3 Kf8 27. Qe3 Qc7 28. Bd3 Rh8 29. Bg6 Qb8 30. Qc5+ Ke8 31. Qxc6+ Kf8 32. Rgf3 f5 33. exf6 Rd7 34. Qxe6 1-0

[Event "Jakarta Interzonal (Women)"]
[Site "Jakarta"]
[Date "1993.??.??"]
[Round "?"]
[White "Lindri, Juni Wijayanti"]
[Black "Shumiakina, Tatiana"]
[Result "0-1"]
[WhiteElo "2185"]
[BlackElo "2320"]
[PlyCount "80"]
[EventDate "1993.07.??"]
[EventType "swiss"]
[EventRounds "13"]
[EventCountry "INA"]
[SourceTitle "EXT 1997"]
[Source "ChessBase"]
[SourceDate "1996.11.15"]
[SourceVersion "1"]
[SourceVersionDate "1996.11.15"]
[SourceQuality "1"]

1. e4 c5 2. c3 e5 3. d4 cxd4 4. cxd4 exd4 5. Qxd4 Nc6 6. Qa4 Nf6 7. Nc3 Bc5 8. Be2 Qb6 9. Nh3 d6 10. Qb5 Qxb5 11. Bxb5 Bxh3 12. gxh3 0-0 13. 0-0 Rfe8 14. Bd3 h6 15. Bf4 a6 16. Rad1 Rad8 17. Kg2 Bb4 18. f3 Bxc3 19. bxc3 d5 20. Rfe1 dxe4 21. fxe4 Nxe4 22. Bc7 Rd7 23. Bb6 Rde7 24. Rc1 Nf6 25. Rxe7 Rxe7 26. Rc2 Nd5 27. Bc5 Nf4+ 28. Kg3 Nxd3 29. Bxe7 Nxe7 30. Rd2 Nc5 31. Rd8+ Kh7 32. Kf3 g6 33. Ke3 Kg7 34. Re8 Nf5+ 35. Kf3 Ne6 36. Rb8 Nd6 37. Ke3 Kf6 38. Rh8 h5 39. Rb8 Ke7 40. Kd3 Kd7 0-1

[Event "Jakarta Interzonal (Women)"]
[Site "Jakarta"]
[Date "1993.??.??"]
[Round "?"]
[White "Lindri, Juni Wijayanti"]
[Black "Tverskaya, Julia"]
[Result "0-1"]
[WhiteElo "2185"]
[BlackElo "2090"]
[PlyCount "88"]
[EventDate "1993.07.??"]
[EventType "swiss"]
[EventRounds "13"]
[EventCountry "INA"]
[SourceTitle "EXT 1997"]
[Source "ChessBase"]
[SourceDate "1996.11.15"]
[SourceVersion "1"]
[SourceVersionDate "1996.11.15"]
[SourceQuality "1"]

1. e4 e5 2. Nf3 Nc6 3. Bb5 a6 4. Ba4 Nf6 5. 0-0 Be7 6. Qe2 b5 7. Bb3 d6 8. c3 0-0 9. h3 Na5 10. Bc2 c5 11. d4 Qc7 12. Rd1 Bb7 13. d5 Nc4 14. a4 Nb6 15. b3 b4 16. c4 Nbd7 17. Nbd2 g6 18. Nf1 Nh5 19. Bh6 Rfe8 20. Qd2 Bf8 21. Be3 Bc8 22. N3h2 Bg7 23. Ra2 Qd8 24. Ng4 Rf8 25. Nh6+ Kh8 26. Nh2 Ndf6 27. Bg5 Qe8 28. Rf1 Ng8 29. Nxg8 Kxg8 30. Bd1 f6 31. Be3 f5 32. Bxh5 gxh5 33. exf5 Bxf5 34. Nf3 Bxh3 35. Nh4 Bc8 36. Bg5 Ra7 37. Qe3 Raf7 38. Qg3 Kh8 39. Qe3 Bg4 40. Rd2 e4 41. g3 Qe5 42. Bf4 Rxf4 43. gxf4 Rxf4 44. Qg3 Bf3 0-1

[Event "Jakarta zt (Women)"]
[Site "Jakarta"]
[Date "1993.??.??"]
[Round "10"]
[White "Takemoto, Naoko"]
[Black "Lindri, Juni Wijayanti"]
[Result "1-0"]
[WhiteElo "2030"]
[BlackElo "2155"]
[PlyCount "91"]
[EventDate "1993.??.??"]
[EventType "tourn"]
[EventRounds "12"]
[EventCountry "INA"]
[SourceTitle "EXT 2003"]
[Source "ChessBase"]
[SourceDate "2002.11.25"]
[SourceVersion "1"]
[SourceVersionDate "2002.11.25"]
[SourceQuality "1"]

1. d4 Nf6 2. Nf3 g6 3. Bg5 Bg7 4. Nbd2 d6 5. e4 0-0 6. Bc4 h6 7. Bxf6 Bxf6 8. Qe2 e5 9. dxe5 dxe5 10. 0-0-0 Qe7 11. h4 a6 12. Bb3 b5 13. Rdg1 Be6 14. g4 Bg7 15. Nf1 Nc6 16. c3 Bxb3 17. axb3 Qe6 18. Kc2 Na5 19. N3d2 Rfd8 20. b4 Nb7 21. Nb3 c5 22. bxc5 Rac8 23. Ne3 Bf8 24. Nd5 Bxc5 25. Ra1 Rc6 26. g5 h5 27. Na5 Nxa5 28. Rxa5 b4 29. Qc4 Bb6 30. Qxc6 Bxa5 31. Qxe6 b3+ 32. Kc1 fxe6 33. Ne7+ Kf7 34. Nc6 Bb6 35. Nxd8+ Bxd8 36. Kd2 Bb6 37. Ke2 Ke7 38. Ra1 a5 39. Ra3 Kd6 40. Rxb3 Kc5 41. Rxb6 Kxb6 42. Kd3 Kc5 43. b3 Kb5 44. Kc2 a4 45. b4 Kc4 46. Kb2 1-0

[Event "Olympiad Women-30"]
[Site "Manila"]
[Date "1992.06.17"]
[Round "9"]
[White "Bellin, Jana"]
[Black "Lindri, Juni Wijayanti"]
[Result "1/2-1/2"]
[WhiteElo "2240"]
[BlackElo "2070"]
[PlyCount "77"]
[EventDate "1992.06.07"]
[EventType "team-swiss"]
[EventRounds "14"]
[EventCountry "PHI"]
[SourceTitle "EXT 2019"]
[Source "ChessBase"]
[SourceDate "2018.10.10"]
[SourceVersion "1"]
[SourceVersionDate "2018.10.10"]
[SourceQuality "1"]
[WhiteTeam "England (W)"]
[BlackTeam "Indonesia (W)"]
[WhiteTeamCountry "ENG"]
[BlackTeamCountry "INA"]

1. d4 Nf6 2. c4 g6 3. Nc3 Bg7 4. Nf3 d6 5. Bg5 0-0 6. e3 Nbd7 7. Be2 c6 8. Qc2 Qc7 9. 0-0 e5 10. Rad1 h6 11. Bh4 Re8 12. dxe5 dxe5 13. Nd2 Nf8 14. b4 Bf5 15. Qc1 N8d7 16. c5 a5 17. a3 axb4 18. axb4 Be6 19. Bxf6 Nxf6 20. Bc4 b6 21. Bxe6 Rxe6 22. Nc4 bxc5 23. bxc5 Nd7 24. Rxd7 Qxd7 25. Nb6 Qa7 26. Nxa8 Qxa8 27. Ne4 Bf8 28. Rd1 Qa4 29. Qb1 Kg7 30. h3 Qc4 31. Rc1 Qd5 32. Qb4 Re8 33. Ra1 Rd8 34. Ra7 Rd7 35. Ra8 Rd8 36. Ra7 Rd7 37. Rxd7 Qxd7 38. Qb8 Qd5 39. Qb4 1/2-1/2

[Event "Olympiad Women-30"]
[Site "Manila"]
[Date "1992.06.10"]
[Round "3"]
[White "Lindri, Juni Wijayanti"]
[Black "Pushpalata, Mangal"]
[Result "1-0"]
[WhiteElo "2070"]
[BlackElo "2025"]
[PlyCount "109"]
[EventDate "1992.06.07"]
[EventType "team-swiss"]
[EventRounds "14"]
[EventCountry "PHI"]
[SourceTitle "EXT 2019"]
[Source "ChessBase"]
[SourceDate "2018.10.10"]
[SourceVersion "1"]
[SourceVersionDate "2018.10.10"]
[SourceQuality "1"]
[WhiteTeam "Indonesia (W)"]
[BlackTeam "India (W)"]
[WhiteTeamCountry "INA"]
[BlackTeamCountry "IND"]

1. e4 c5 2. Nf3 Nc6 3. d4 cxd4 4. Nxd4 Nf6 5. Nc3 e5 6. Ndb5 d6 7. Bg5 a6 8. Bxf6 gxf6 9. Na3 Bg7 10. Nc4 Nd4 11. Nd5 Rb8 12. c3 Nc6 13. Ndb6 Bf8 14. Nxc8 Rxc8 15. Qd3 b5 16. Ne3 Na5 17. b3 Nb7 18. Nd5 Bg7 19. g3 Nc5 20. Qe3 h5 21. h4 Rc6 22. Bh3 Ne6 23. 0-0 Rc5 24. Rfd1 a5 25. Qd3 Qb8 26. Ne3 Bf8 27. Nf5 Rc6 28. Bf1 Rb6 29. Ne3 Be7 30. Nd5 Rb7 31. Qf3 Qd8 32. a3 Nc7 33. Ne3 Ne6 34. Nf5 Kf8 35. Rd5 Nc7 36. Rd2 Rb6 37. Rad1 Ne6 38. Qd3 Nc5 39. Qd5 Nb7 40. Bxb5 Qc7 41. Bc4 Rh7 42. b4 Rc6 43. Ne3 Rg7 44. Kh2 axb4 45. cxb4 Nd8 46. Rc2 Ne6 47. Nf5 Rh7 48. Rdc1 Nd8 49. Bb3 Rxc2 50. Rxc2 Qa7 51. a4 Qb6 52. b5 Rh8 53. Kg2 Ke8 54. Qa8 Qb7 55. Qxb7 1-0

[Event "Olympiad Women-29"]
[Site "Novi Sad"]
[Date "1990.11.27"]
[Round "10"]
[White "Lindri, Juni Wijayanti"]
[Black "Paizis, Adamantia"]
[Result "1/2-1/2"]
[WhiteElo "2110"]
[BlackElo "2130"]
[PlyCount "66"]
[EventDate "1990.11.17"]
[EventType "team-swiss"]
[EventRounds "14"]
[EventCountry "YUG"]
[SourceTitle "EXT 2019"]
[Source "ChessBase"]
[SourceDate "2018.10.10"]
[SourceVersion "1"]
[SourceVersionDate "2018.10.10"]
[SourceQuality "1"]
[WhiteTeam "Indonesia (W)"]
[BlackTeam "Italy (W)"]
[WhiteTeamCountry "INA"]
[BlackTeamCountry "ITA"]

1. e4 e5 2. Nf3 Nc6 3. Bb5 a6 4. Ba4 d6 5. d4 b5 6. Bb3 exd4 7. Nxd4 Nxd4 8. Bd5 Rb8 9. Qxd4 Nf6 10. 0-0 Be7 11. Bc6+ Bd7 12. Bxd7+ Qxd7 13. h3 0-0 14. Nc3 Rbd8 15. Bg5 h6 16. Bd2 Rfe8 17. Rfe1 c5 18. Qd3 d5 19. exd5 Nxd5 20. Nxd5 Qxd5 21. Qxd5 Rxd5 22. Ba5 Kf8 23. a4 Bf6 24. axb5 axb5 25. Rxe8+ Kxe8 26. Re1+ Kd7 27. Bc3 Bxc3 28. bxc3 Rd2 29. Rc1 Re2 30. Kf1 Re8 31. Ra1 Rc8 32. Ra6 Rb8 33. Ra7+ Ke6 1/2-1/2

[Event "Olympiad Women-29"]
[Site "Novi Sad"]
[Date "1990.11.20"]
[Round "4"]
[White "Lindri, Juni Wijayanti"]
[Black "Hoiberg, Nina"]
[Result "0-1"]
[WhiteElo "2110"]
[BlackElo "2275"]
[PlyCount "96"]
[EventDate "1990.11.17"]
[EventType "team-swiss"]
[EventRounds "14"]
[EventCountry "YUG"]
[SourceTitle "EXT 2019"]
[Source "ChessBase"]
[SourceDate "2018.10.10"]
[SourceVersion "1"]
[SourceVersionDate "2018.10.10"]
[SourceQuality "1"]
[WhiteTeam "Indonesia (W)"]
[BlackTeam "Denmark (W)"]
[WhiteTeamCountry "INA"]
[BlackTeamCountry "DEN"]

1. e4 d6 2. d4 Nf6 3. Nc3 c6 4. Nf3 Bg4 5. Be2 e6 6. h3 Bh5 7. Be3 Be7 8. 0-0 d5 9. exd5 cxd5 10. Ne5 Bxe2 11. Qxe2 0-0 12. Qb5 Qc7 13. Qd3 a6 14. Bg5 Nc6 15. Rfe1 Rac8 16. Re2 Nh5 17. Bc1 Bd6 18. Nxc6 Qxc6 19. Qf3 Nf6 20. Bg5 Ne4 21. Nxe4 dxe4 22. Qe3 Qb5 23. c3 h6 24. Bh4 f5 25. Rd2 e5 26. f3 exd4 27. cxd4 Bb4 28. Rdd1 Rfe8 29. Bf2 Bd6 30. fxe4 Rxe4 31. Qf3 Rc2 32. Rf1 Rxb2 33. a4 Qd7 34. Rfe1 Qf7 35. Qc3 Rb4 36. Qc2 Qc4 37. Qxc4+ Rxc4 38. Rxe4 fxe4 39. Be3 b5 40. axb5 axb5 41. Kf1 b4 42. Rb1 Kf7 43. Rb2 Ke6 44. Ke1 Kd5 45. Ke2 Rc3 46. Bd2 Rg3 47. Kf2 b3 48. Bb4 e3+ 0-1

[Event "Olympiad Women-27"]
[Site "Dubai"]
[Date "1986.11.29"]
[Round "13"]
[White "Lindri, Juni Wijayanti"]
[Black "Thipsay, Bagyashree Sathe"]
[Result "0-1"]
[WhiteElo "1920"]
[BlackElo "2075"]
[PlyCount "104"]
[EventDate "1986.11.15"]
[EventType "team-swiss"]
[EventRounds "14"]
[EventCountry "UAE"]
[SourceTitle "EXT 2019"]
[Source "ChessBase"]
[SourceDate "2018.10.10"]
[SourceVersion "1"]
[SourceVersionDate "2018.10.10"]
[SourceQuality "1"]
[WhiteTeam "Indonesia (W)"]
[BlackTeam "India (W)"]
[WhiteTeamCountry "INA"]
[BlackTeamCountry "IND"]

1. e4 c6 2. d4 d5 3. exd5 cxd5 4. Be3 Nc6 5. c3 Nf6 6. Bg5 Qd6 7. Ne2 Bg4 8. f3 Bh5 9. Na3 a6 10. Qa4 Rc8 11. Qb3 b5 12. Bf4 Qd8 13. Ng3 Bg6 14. Be2 e6 15. Qd1 Qa5 16. Nb1 b4 17. 0-0 Be7 18. Qd2 0-0 19. a3 bxc3 20. Nxc3 Nxd4 21. b4 Nxe2+ 22. Ngxe2 Qb6+ 23. Be3 Qb7 24. Nf4 Nd7 25. Rac1 Nb6 26. Bf2 Nc4 27. Qa2 Bf5 28. Nce2 Bd3 29. Rfd1 Ne5 30. Nd4 Bg5 31. Nfe2 Bc4 32. Rxc4 Nxc4 33. f4 Bf6 34. Nb3 Nd6 35. Nc5 Qb5 36. Nc1 Ne4 37. Nxe4 dxe4 38. Nb3 Rfd8 39. Re1 Qc4 40. h3 Rd3 41. Rc1 Rc3 42. Rxc3 Bxc3 43. Qb1 Qd3 44. Qc1 Rd8 45. Nc5 Qd1+ 46. Qxd1 Rxd1+ 47. Kh2 Bd4 48. Bxd4 Rxd4 49. Nxa6 e3 50. Kg3 Re4 51. Kf3 e2 52. Kxe4 e1Q+ 0-1

[Event "Olympiad Women-26"]
[Site "Thessaloniki"]
[Date "1984.11.30"]
[Round "11"]
[White "Lindri, Juni Wijayanti"]
[Black "Haahr, Merete"]
[Result "1-0"]
[WhiteElo "1950"]
[BlackElo "1965"]
[PlyCount "143"]
[EventDate "1984.11.19"]
[EventType "team-swiss"]
[EventRounds "14"]
[EventCountry "GRE"]
[SourceTitle "EXT 2019"]
[Source "ChessBase"]
[SourceDate "2018.10.10"]
[SourceVersion "1"]
[SourceVersionDate "2018.10.10"]
[SourceQuality "1"]
[WhiteTeam "Indonesia (W)"]
[BlackTeam "Denmark (W)"]
[WhiteTeamCountry "INA"]
[BlackTeamCountry "DEN"]

1. e4 c5 2. Nf3 d6 3. d4 Nf6 4. Nc3 cxd4 5. Nxd4 g6 6. Be2 Bg7 7. 0-0 0-0 8. Be3 Nc6 9. Rb1 Bd7 10. Re1 Qc8 11. f3 Ne5 12. Bf1 Nc4 13. Bf2 Bh6 14. Qd3 Nd2 15. Rbd1 Nxf1 16. Rxf1 a6 17. Bh4 Bg7 18. Bxf6 Bxf6 19. Nd5 Bxd4+ 20. Qxd4 Qd8 21. e5 Bc6 22. Rfe1 Bxd5 23. Qxd5 Qb6+ 24. Qd4 Qxd4+ 25. Rxd4 dxe5 26. Rxe5 e6 27. Rd7 b6 28. Re3 Rfd8 29. Red3 Rxd7 30. Rxd7 Rc8 31. c3 Rc6 32. Kf2 Kg7 33. Ke3 Kf6 34. f4 h6 35. h4 h5 36. g3 b5 37. Kd4 Rc4+ 38. Kd3 Rc5 39. Kd4 Rc4+ 40. Kd3 Rc6 41. b3 e5 42. fxe5+ Kxe5 43. Rxf7 Rd6+ 44. Ke2 Rc6 45. Kd3 Rd6+ 46. Kc2 Kd5 47. Rf4 Rc6 48. a4 Kc5 49. axb5 axb5 50. Kd3 Rd6+ 51. Rd4 Rf6 52. Rf4 Rd6+ 53. Ke3 Kc6 54. Re4 Rf6 55. Re5 Kb6 56. c4 bxc4 57. bxc4 Kc6 58. Kd4 Rd6+ 59. Ke4 Rf6 60. Kd4 Rd6+ 61. Ke4 Rf6 62. Rd5 Kc7 63. Rd3 Rf5 64. Rf3 Rc5 65. Kd4 Rc6 66. Kd5 Rd6+ 67. Ke5 Rc6 68. Rf7+ Kd8 69. Kd5 Ra6 70. Rf3 Kd7 71. c5 Kc7 72. Rf7+ 1-0

[Event "Olympiad Women-26"]
[Site "Thessaloniki"]
[Date "1984.11.24"]
[Round "6"]
[White "Salazar, Adriana"]
[Black "Lindri, Juni Wijayanti"]
[Result "1-0"]
[WhiteElo "1895"]
[BlackElo "1950"]
[PlyCount "87"]
[EventDate "1984.11.19"]
[EventType "team-swiss"]
[EventRounds "14"]
[EventCountry "GRE"]
[SourceTitle "EXT 2019"]
[Source "ChessBase"]
[SourceDate "2018.10.10"]
[SourceVersion "1"]
[SourceVersionDate "2018.10.10"]
[SourceQuality "1"]
[WhiteTeam "Colombia (W)"]
[BlackTeam "Indonesia (W)"]
[WhiteTeamCountry "COL"]
[BlackTeamCountry "INA"]

1. e4 e6 2. d4 d5 3. Nd2 Nf6 4. e5 Nfd7 5. Bd3 c5 6. c3 Nc6 7. Ne2 Qb6 8. Nf3 f6 9. exf6 Nxf6 10. 0-0 Bd6 11. b3 cxd4 12. cxd4 0-0 13. Bg5 Qc7 14. Bh4 Qf7 15. Bg3 Bxg3 16. Nxg3 g6 17. Rc1 Ne8 18. Bb5 Bd7 19. Bxc6 Bxc6 20. Ne5 Qc7 21. Qg4 Ng7 22. Rc3 Qa5 23. Rc2 Rac8 24. Rfc1 Qb4 25. h4 Qe7 26. h5 g5 27. Nxc6 bxc6 28. Rxc6 Rxc6 29. Rxc6 h6 30. Qe2 Qf6 31. Qe3 Qf7 32. Rc2 Re8 33. Qe2 Nf5 34. Nxf5 Qxf5 35. Rc7 e5 36. dxe5 Rxe5 37. Rc8+ Kf7 38. Rc7+ Kf8 39. Qc2 Re1+ 40. Kh2 Qf4+ 41. g3 Qf3 42. Qc5+ Kg8 43. Rc8+ Kg7 44. Qxa7+ 1-0